000 00899cam a2200301 4500
008 090401t1991 xxu||||| |||| 00| 0 eng d
020 _a0860173216
035 _a(Sirsi) u51277
041 _aeng
050 _a624.151
100 _aUff, J.F.
245 _aRole and responsibility in site investigation.
260 _aLondon
_bCIRIA
_c1991
300 _a42p. ; 30cm.
350 _a0
490 _aCIRIA Special Publication
_v73
520 _aProjecy jointly funded by CIRIA, the BRE and the PSA.
650 _aBUILDING RESEARCH ESTABLISHMENT
650 _aENGINEERING CONTRACTS
650 _aGROUND INVESTIGATION
650 _aICE CONDITIONS OF CONTRACT
650 _aPROPERTY SERVICES AGENCY
690 _aBUILT ENVIRONMENT
700 _aClayton, C. R. I.
710 _aConstruction Industry Research and Information Association
_94810
942 _n0
948 _c04/03/1997
999 _c92858
_d92858